| 000 | 00936nam a2200205 i 4500 | ||
|---|---|---|---|
| 001 | 114682 | ||
| 003 | ES-MaACL | ||
| 005 | 20230906190227.0 | ||
| 007 | t| | ||
| 008 | 070320m18731884sp ||||1| spa d | ||
| 245 | 0 | 0 |
_aRepertorio de jurisprudencia civil española o Compilación ... del Tribunal Supremo / _cpor J. Mª Pantoja ; precedido de una introducción histórica por Pedro Gómez de la Serna. |
| 250 | _a2ª ed. | ||
| 260 |
_aMadrid : _bImprenta de la Revista de Legislación, _c1873-1884. |
||
| 300 |
_a4 v. ; _c23 cm. |
||
| 505 | 8 | _aContiene: V. 1. Repertorio de jurisprudencia con los recursos de nulidad, casación e injusticia notoria desde 1838-1866 -- v.2. Años 1867-1874 -- v. 3. Años 1875-1880 -- v. 4. Años 1881-1882 | |
| 650 |
_aDerecho civil- _zEspaña- _xJurisprudencia. _911662 |
||
| 700 | 1 |
_aPantoja, José María. _988825 |
|
| 700 | 1 |
_aGómez de la Serna, Pedro. _957900 |
|
| 852 |
_aES-MaACL _jB-9678-81 |
||
| 999 |
_c114682 _d114682 |
||